CHOROBY SRDCE A CÉV

Bibliographic Details
Main Author: n. (Author)
Format: Article
Language:Slovak
Czech

MARC

LEADER 00000nab a2200000ua 4500
001 vtls010757664
003 SK-MaSNL
005 20260304202309.0
008 250718s xo |||||||||||||||||slo|
035 |a (urnnbn)urn:nbn:sk:snk:ar-a031ej 
035 |a (uuid)02130f93-4af7-4f5f-b4d7-d65470e11b81 
035 |a urn:nbn:sk:snk-ab52ug 
040 |a SNKBUCL  |b slo  |c SNKBUCL  |e AACR2 
041 0 |a cze 
044 |a xo  |c SK 
100 1 |a n.  |4 aut  |9 858975 
245 1 0 |a CHOROBY SRDCE A CÉV  |c N. 
773 0 |t Bratislavské lekárske listy  |g Roč. 1, č. 1 (1921-1922), s. 25-28 
850 |a Slovenská národná knižnica 
852 |a Slovenská národná knižnica 
954 |a odborná, vedecká literatúra cudzojazyčná (svetová)  |2 lita 
958 |a article3 
958 |a OND 
958 |a EUIPO 
999 |c 3102011  |d 3103941